Coaching and counseling skills

Bibliographic Details
Main Author: Lowe, Phil (Author)
Format: Book
Language:English
Published: New York : McGraw-Hill 1995
Subjects:

MARC

LEADER 00000cam a2200000 7i4500
001 0000004330
005 20240930.0
008 240226 nyu eng
020 |a 070113440 (hardback) 
040 |a INS   |b eng   |e rda 
090 0 0 |a RBF637.C6   |b .L69 1995 
100 1 |a Lowe, Phil ,   |e author 
245 1 0 |a Coaching and counseling skills   |c Phil Lowe 
264 1 |a New York :   |b McGraw-Hill   |c 1995 
300 |a 45 pages ;   |c 32 cm. 
336 |a text  |2 rdacontent 
337 |a unmediated  |2 rdamedia 
338 |a volume  |2 rdacarrier 
650 0 |a Coaching 
650 0 |a Counseling 
999 |a 0000006211   |b BOOK   |c Reference   |e Default branch